[Event "Division Honor Aragonesa Grupo B"]
[Site "Aragon"]
[Date "2017.02.04"]
[Round "2.25"]
[White "Del Rey, Diego"]
[Black "Garza Marco, Sergio"]
[Result "1/2-1/2"]
[WhiteElo "2356"]
[BlackElo "2398"]
[PlyCount "133"]
[EventDate "2017.01.28"]
[WhiteTeam "El Olivar"]
[BlackTeam "Helios"]

1. e4 g6 2. d4 Bg7 3. Nf3 d6 4. Nc3 Nf6 5. h3 O-O 6. Be3 c6 7. a4 a5 8. Qd2 Qc7
9. Bd3 Na6 10. O-O Nb4 11. Rfe1 Rd8 12. Bf1 e5 13. Rad1 Bd7 14. Bg5 Be6 15. Bh4
h6 16. g4 Re8 17. Qc1 Nh7 18. dxe5 dxe5 19. Nd2 Bf6 20. Bxf6 Nxf6 21. Nc4 Nh7
22. Ne3 Qe7 23. Bg2 Qh4 24. Nf1 Ng5 25. Re3 Rad8 26. Nh2 Bc4 27. b3 Ba6 28. Rd2
Ne6 29. Nf3 Qf6 30. Nb1 Nf4 31. c4 Rxd2 32. Nbxd2 Qe7 33. Bf1 Qc5 34. Qc3 b6
35. Ne1 Rd8 36. Ndf3 f6 37. h4 g5 38. Qc1 Bc8 39. hxg5 hxg5 40. Nh2 Kg7 41. Ng2
Ne6 42. Rh3 Qd4 43. Re3 Qd1 44. Rc3 Qxc1 45. Rxc1 Na6 46. Ne3 Nac5 47. Rb1 Nxe4
48. b4 Nc3 49. Rb3 Nxa4 50. Ra3 Nb2 51. bxa5 bxa5 52. Rxa5 Nf4 53. Ra8 Rh8 54.
Ra7+ Kg6 55. Rc7 Nbd3 56. Rxc6 Nxf2 57. Kxf2 Rxh2+ 58. Kg3 Rh8 59. Nd5 Nxd5 60.
cxd5 Rd8 61. Bd3+ Kf7 62. Bc4 Ke7 63. d6+ Kd7 64. Bb5 Ke6 65. Bc4+ Kd7 66. Bb5
Ke6 67. Bc4+ 1/2-1/2

[Event "Division Honor Aragonesa Grupo B"]
[Site "Aragon"]
[Date "2017.02.04"]
[Round "2.26"]
[White "Guzman Moneo, Alberto"]
[Black "Palacios Latasa, Elias"]
[Result "1-0"]
[WhiteElo "2219"]
[BlackElo "2237"]
[PlyCount "129"]
[EventDate "2017.01.28"]
[WhiteTeam "Helios"]
[BlackTeam "El Olivar"]

1. e4 e5 2. Nf3 Nc6 3. Bc4 Nf6 4. d3 Bc5 5. c3 a6 6. O-O O-O 7. Re1 d6 8. h3
Be6 9. Nbd2 h6 10. Bb3 Bxb3 11. Qxb3 Nh5 12. Nc4 Rb8 13. Ne3 Nf4 14. Qd1 Bxe3
15. fxe3 Ng6 16. d4 Nh4 17. Rf1 Nxf3+ 18. Qxf3 Qh4 19. Bd2 Rbe8 20. Rae1 Nb8
21. c4 Nd7 22. Bc3 b6 23. Qf5 Re6 24. Kh2 Rg6 25. Rf3 Nf6 26. dxe5 dxe5 27. g3
Qxe4 28. Qxe4 Nxe4 29. Bxe5 Rd8 30. Re2 Rc6 31. b3 b5 32. Rf4 Ng5 33. cxb5 axb5
34. a4 bxa4 35. bxa4 Rd1 36. h4 Ne6 37. Rb4 h5 38. g4 Nc5 39. Rc4 Ra6 40. Rxc5
Rxa4 41. Bd4 hxg4 42. Rg2 Rd3 43. Rxg4 Rxe3 44. Rxg7+ Kf8 45. Bxe3 Kxg7 46. Bf2
Kg6 47. Rxc7 f5 48. Rc5 Ra3 49. Bg3 Rb3 50. Rc8 Ra3 51. Rg8+ Kf7 52. Rg5 Kf6
53. Kg2 Rb3 54. Bf2 Rd3 55. Rg3 Rd8 56. Kf3 Ke5 57. Rg5 Rd3+ 58. Be3 Ra3 59. h5
Kf6 60. Rg1 Ke5 61. Rb1 Ra6 62. Rb5+ Kf6 63. Rb4 Ke5 64. h6 Ra2 65. h7 1-0

[Event "Division Honor Aragonesa Grupo B"]
[Site "Aragon"]
[Date "2017.02.04"]
[Round "2.27"]
[White "Hernando Garcia, Antonio"]
[Black "Cerrajeria Ruiz, Jesus Maria"]
[Result "1-0"]
[WhiteElo "2185"]
[BlackElo "2187"]
[PlyCount "89"]
[EventDate "2017.01.28"]
[WhiteTeam "El Olivar"]
[BlackTeam "Helios"]

1. Nf3 f5 2. c4 Nf6 3. Nc3 e6 4. g3 b6 5. Bg2 Bb7 6. O-O Be7 7. d3 O-O 8. a3 a5
9. Rb1 Na6 10. Nb5 h6 11. Bd2 d5 12. Ne5 c6 13. Nd4 Bd6 14. Nexc6 Qd7 15. cxd5
exd5 16. b4 Nc7 17. b5 Bxa3 18. Ne5 Qe8 19. Nef3 Nh5 20. e3 g5 21. Ne2 Bd6 22.
Qb3 a4 23. Qb2 f4 24. Nfd4 a3 25. Qb3 Qe7 26. Ra1 fxg3 27. hxg3 Ng7 28. Nc2
Nge6 29. d4 Bc8 30. Nc3 Bb7 31. Nxd5 Nxd5 32. Bxd5 Rf6 33. e4 Bxd5 34. Qxd5 Rd8
35. e5 Rf5 36. exd6 Qf7 37. Qc4 Rxd6 38. Rxa3 g4 39. Ra8+ Kh7 40. Be3 Rdd5 41.
Rfa1 Ng7 42. R1a7 Qg6 43. Qc8 Qf6 44. Qh8+ Kg6 45. Qxh6# 1-0

[Event "Division Honor Aragonesa Grupo B"]
[Site "Aragon"]
[Date "2017.02.04"]
[Round "2.28"]
[White "Aparicio Navarro, Pedro"]
[Black "Melendez Fierro, Juan Bautista"]
[Result "1/2-1/2"]
[WhiteElo "2135"]
[BlackElo "2134"]
[PlyCount "55"]
[EventDate "2017.01.28"]
[WhiteTeam "Helios"]
[BlackTeam "El Olivar"]

1. Nf3 c5 2. g3 Nc6 3. Bg2 Nf6 4. O-O g6 5. d3 Bg7 6. e4 d6 7. h3 O-O 8. Re1 e5
9. c3 Bd7 10. Na3 Ne8 11. Nc2 Nc7 12. d4 h6 13. dxc5 dxc5 14. Be3 b6 15. b4
cxb4 16. cxb4 Qe7 17. Qb1 Rac8 18. a4 Ne6 19. Rd1 Rfd8 20. a5 bxa5 21. b5 Nb4
22. Nxb4 Qxb4 23. Qxb4 axb4 24. b6 Bc6 25. Rxd8+ Rxd8 26. bxa7 Ra8 27. Nd2 Nd4
28. Rb1 1/2-1/2

[Event "Division Honor Aragonesa Grupo B"]
[Site "Aragon"]
[Date "2017.02.04"]
[Round "2.29"]
[White "Baquedano Coarasa, Pablo"]
[Black "Adla, Diego"]
[Result "0-1"]
[WhiteElo "2214"]
[BlackElo "2398"]
[PlyCount "112"]
[EventDate "2017.01.28"]
[WhiteTeam "Palacio de Pioneros"]
[BlackTeam "St. Casablanca"]

1. d4 Nf6 2. c4 e6 3. Nc3 Bb4 4. e3 d5 5. Nge2 dxc4 6. a3 Ba5 7. Qa4+ Nc6 8.
Qxc4 O-O 9. Nf4 e5 10. dxe5 Nxe5 11. Qc5 Bxc3+ 12. Qxc3 Re8 13. Be2 Ne4 14. Qb4
Ng6 15. Nxg6 hxg6 16. O-O a5 17. Qa4 Qe7 18. f3 Nc5 19. Qc2 Be6 20. Bc4 Bxc4
21. Qxc4 Red8 22. e4 Rd3 23. Bf4 Rad8 24. Rac1 b6 25. b4 axb4 26. axb4 R8d4 27.
Qc2 Ne6 28. Bxc7 Rd2 29. Qc6 Qxc7 30. Qxc7 Nxc7 31. Rxc7 Rxb4 32. Ra1 Rbb2 33.
h4 Rxg2+ 34. Kh1 Rgf2 35. Kg1 Rg2+ 36. Kh1 Rh2+ 37. Kg1 Rbg2+ 38. Kf1 Ra2 39.
Kg1 Rhg2+ 40. Kf1 Rgc2 41. Rxa2 Rxa2 42. Rb7 Rb2 43. Ke1 f6 44. Rb8+ Kh7 45.
Kf1 g5 46. h5 g6 47. hxg6+ Kxg6 48. Ke1 Kf7 49. Kd1 Ke6 50. Kc1 Rb3 51. Kc2
Rxf3 52. Rxb6+ Ke5 53. Rb4 Re3 54. Kd2 Rxe4 55. Rb6 f5 56. Kd3 g4 0-1

[Event "Division Honor Aragonesa Grupo B"]
[Site "Aragon"]
[Date "2017.02.04"]
[Round "2.30"]
[White "Glavina, Pablo"]
[Black "Romero Pallares, Daniel"]
[Result "1-0"]
[WhiteElo "2391"]
[BlackElo "2211"]
[PlyCount "67"]
[EventDate "2017.01.28"]
[WhiteTeam "St. Casablanca"]
[BlackTeam "Palacio de Pioneros"]

1. e4 g6 2. d4 Bg7 3. Nc3 d6 4. Be3 Nf6 5. h3 c6 6. f4 O-O 7. Nf3 Qa5 8. Qd2 b5
9. Bd3 Nbd7 10. O-O a6 11. a3 Qc7 12. e5 Nd5 13. Nxd5 cxd5 14. a4 bxa4 15. Rxa4
Nb6 16. Ra2 Bb7 17. b3 a5 18. Rfa1 a4 19. bxa4 Nc4 20. Qe2 Bh6 21. Bc1 Bg7 22.
Nd2 f6 23. Nxc4 fxe5 24. Nxe5 dxe5 25. fxe5 Rf7 26. a5 Raf8 27. a6 Rf1+ 28.
Qxf1 Rxf1+ 29. Kxf1 Ba8 30. a7 Qc3 31. Rb1 Kf7 32. Rb8 Bc6 33. Rc8 Qxd4 34. e6+
1-0

[Event "Division Honor Aragonesa Grupo B"]
[Site "Aragon"]
[Date "2017.02.04"]
[Round "2.31"]
[White "Palacios Herrero, Pablo"]
[Black "Lopez Gracia, Fernando"]
[Result "0-1"]
[WhiteElo "2095"]
[BlackElo "2302"]
[PlyCount "72"]
[EventDate "2017.01.28"]
[WhiteTeam "Palacio de Pioneros"]
[BlackTeam "St. Casablanca"]

1. e4 e5 2. Nf3 Nc6 3. Bb5 a6 4. Bxc6 dxc6 5. d4 exd4 6. Qxd4 Qxd4 7. Nxd4 Bd7
8. Be3 O-O-O 9. Nc3 g6 10. O-O-O Bg7 11. Rhe1 Ne7 12. f3 h5 13. Bg5 f6 14. Bh4
g5 15. Bf2 h4 16. Nb3 b6 17. Kb1 Ng6 18. Nc1 c5 19. Nd5 Be6 20. Ne3 Rxd1 21.
Rxd1 h3 22. g3 Ne5 23. f4 Nf3 24. Nf1 Bg4 25. Ne3 Bd7 26. Bg1 gxf4 27. gxf4 Bh6
28. Nd5 Bc6 29. Ne7+ Kb7 30. Nxc6 Kxc6 31. Be3 Re8 32. Rf1 Nxh2 33. Rh1 Rxe4
34. Rxh2 Rxe3 35. Rf2 Re1 36. c3 h2 0-1

[Event "Division Honor Aragonesa Grupo B"]
[Site "Aragon"]
[Date "2017.02.04"]
[Round "2.32"]
[White "Goni Navarro, Pablo"]
[Black "Echarte Buil, Oscar"]
[Result "1-0"]
[WhiteElo "2135"]
[BlackElo "2111"]
[PlyCount "105"]
[EventDate "2017.01.28"]
[WhiteTeam "St. Casablanca"]
[BlackTeam "Palacio de Pioneros"]

1. c4 c5 2. Nf3 g6 3. Nc3 Nc6 4. g3 Bg7 5. Bg2 e5 6. O-O Nge7 7. a3 O-O 8. d3
Rb8 9. Rb1 a5 10. Ne1 b6 11. Nc2 Bb7 12. Bg5 f6 13. Bd2 d6 14. Ne3 Kh8 15. Ned5
Nxd5 16. Nxd5 Ne7 17. Nxe7 Qxe7 18. b4 Bxg2 19. Kxg2 axb4 20. axb4 f5 21. e4 f4
22. f3 fxg3 23. hxg3 Ra8 24. Qb3 h5 25. Qb2 Ra4 26. Ra1 Rfa8 27. Rxa4 Rxa4 28.
bxc5 bxc5 29. Ra1 Rxa1 30. Qxa1 Qb7 31. Kf2 Kh7 32. Qc1 Qb3 33. Ke2 Qa2 34. Kd1
Bf6 35. Ke1 Bd8 36. Kf1 h4 37. gxh4 Bxh4 38. Qd1 g5 39. Qe2 Qb1+ 40. Kg2 Kg6
41. Ba5 Qc1 42. Bc7 Be1 43. Bxd6 Bd2 44. Bxe5 Be3 45. Bh2 Kf6 46. Kh3 Kg6 47.
Kg2 Kf6 48. Qf1 Qd2+ 49. Kh3 Kg6 50. Bg3 Kf6 51. Be1 Qd1 52. Kg2 Ke5 53. Bc3+
1-0

[Event "Preferente Aragonesa Grupo A"]
[Site "?"]
[Date "2017.02.04"]
[Round "2.34"]
[White "Rodriguez Leiva, Manuel"]
[Black "Rodes Apilluelo, Jose Maria"]
[Result "1-0"]
[WhiteElo "1974"]
[BlackElo "2016"]
[PlyCount "87"]
[EventDate "2017.01.28"]
[WhiteTeam "Jaime Casas B"]
[BlackTeam "St. Casablanca C"]

1. c4 Nf6 2. Nc3 b6 3. e4 d6 4. d4 c5 5. d5 e5 6. f4 Bg4 7. Be2 Bxe2 8. Ngxe2
Nbd7 9. O-O Be7 10. Ng3 a6 11. Nf5 g6 12. Nxe7 Qxe7 13. Qf3 h6 14. fxe5 Qxe5
15. Bf4 Qe7 16. Rae1 Nh5 17. Bd2 Ne5 18. Qe2 Qd7 19. Bf4 Nxf4 20. Rxf4 O-O-O
21. b3 Rde8 22. Ref1 Rhf8 23. a3 Kc7 24. Rf6 Qe7 25. Qc2 Qd7 26. Qd2 h5 27. Qf2
Re7 28. Qc2 Qe8 29. Qf2 Nd3 30. Qg3 Ne5 31. a4 Qd7 32. Ne2 Rfe8 33. Nf4 Rd8 34.
Nd3 Nxd3 35. Qxd3 a5 36. Qf3 Rde8 37. Rxf7 Kd8 38. Qf6 Kc8 39. Rxe7 Rxe7 40.
Qxg6 Rh7 41. Rf6 Kc7 42. Rxd6 Qe7 43. Rc6+ Kd7 44. Rxb6 1-0

[Event "Preferente Aragonesa Grupo A"]
[Site "?"]
[Date "2017.02.04"]
[Round "2.35"]
[White "Antonano Fedz-Quincoces, Aveli"]
[Black "Buil Rello, Jose Antonio"]
[Result "1-0"]
[WhiteElo "1949"]
[BlackElo "1781"]
[PlyCount "47"]
[EventDate "2017.01.28"]
[WhiteTeam "St. Casablanca C"]
[BlackTeam "Jaime Casas B"]

1. e4 e5 2. Nf3 d6 3. d4 exd4 4. Nxd4 Nf6 5. Nc3 c6 6. Be2 Be7 7. O-O O-O 8.
Bf4 Qc7 9. Bg3 Rd8 10. Kh1 Ne8 11. f4 Bf6 12. Bc4 b5 13. Bb3 Qb6 14. e5 dxe5
15. fxe5 Qxd4 16. Qe1 Be6 17. Bxe6 fxe6 18. exf6 Nxf6 19. Rd1 Qb6 20. Qxe6+ Kh8
21. Rxf6 Rxd1+ 22. Nxd1 gxf6 23. Qxf6+ Kg8 24. Be5 1-0

[Event "Preferente Aragonesa Grupo A"]
[Site "?"]
[Date "2017.02.04"]
[Round "2.36"]
[White "Salas Latorre, Jose"]
[Black "Alvarez Gonzalo, Miguel Angel"]
[Result "1-0"]
[WhiteElo "1750"]
[BlackElo "1860"]
[PlyCount "91"]
[EventDate "2017.01.28"]
[WhiteTeam "Jaime Casas B"]
[BlackTeam "Jaime Casas B"]

1. c4 Nf6 2. Nc3 e6 3. e4 Nc6 4. Nf3 d6 5. d4 Be7 6. Be2 O-O 7. O-O e5 8. d5
Nb4 9. a3 Na6 10. b4 c6 11. h3 Bd7 12. Be3 Nc7 13. Qc2 cxd5 14. exd5 g6 15. Bd3
Qc8 16. Kh2 Nfe8 17. Nd2 f5 18. f3 Ng7 19. Nb3 a6 20. c5 Nb5 21. Na4 Bd8 22.
Rfc1 f4 23. Bf2 Bf5 24. Be4 Bxe4 25. Qxe4 Qf5 26. c6 bxc6 27. Rxc6 Rf7 28. Nb6
Rb8 29. Nc4 Qd7 30. Rxa6 Nf5 31. Rc6 Qe8 32. Qd3 Rd7 33. a4 Na7 34. Ra6 Nc8 35.
b5 Qf7 36. Nba5 Nce7 37. Nc6 Rc8 38. Nxe7+ Nxe7 39. Nxd6 Rxd6 40. Rxd6 Nf5 41.
Rc6 Rb8 42. Qc4 Qd7 43. Rc1 Kg7 44. Qc5 Kh6 45. b6 Be7 46. Qb5 1-0

[Event "Preferente Aragonesa Grupo A"]
[Site "?"]
[Date "2017.02.04"]
[Round "2.37"]
[White "Vallverdu Miret, Oscar"]
[Black "Accattato Martin, Mario"]
[Result "0-1"]
[WhiteElo "2071"]
[BlackElo "2251"]
[PlyCount "54"]
[EventDate "2017.01.28"]
[WhiteTeam "Fraga"]
[BlackTeam "Monzon"]

1. d4 d5 2. c4 c6 3. cxd5 cxd5 4. Nf3 Nf6 5. Nc3 Nc6 6. Bf4 Ne4 7. Nd2 Nxc3 8.
bxc3 e6 9. e3 Bd6 10. Bxd6 Qxd6 11. f4 O-O 12. Bd3 b6 13. O-O f5 14. Qb3 Bb7
15. Rac1 Rac8 16. c4 Na5 17. Qb2 h6 18. Rc2 dxc4 19. Nxc4 Nxc4 20. Bxc4 Bxg2
21. Rxg2 Rxc4 22. d5 Rc7 23. dxe6 Qxe6 24. Rg3 Rd8 25. Qg2 Rd3 26. Re1 Qd5 27.
Qh3 Rd1 0-1

[Event "Preferente Aragonesa Grupo A"]
[Site "?"]
[Date "2017.02.04"]
[Round "2.38"]
[White "Garreta Crespo, Blas"]
[Black "Aribau Rivas, Miguel Angel"]
[Result "0-1"]
[WhiteElo "1801"]
[BlackElo "2030"]
[PlyCount "72"]
[EventDate "2017.01.28"]
[WhiteTeam "Monzon"]
[BlackTeam "Fraga"]

1. e4 e6 2. d4 d5 3. Nd2 Nf6 4. e5 Nfd7 5. Bd3 c5 6. c3 Nc6 7. Ngf3 Qb6 8. Qa4
cxd4 9. cxd4 f6 10. exf6 Nxf6 11. O-O Bd7 12. Re1 Rc8 13. Bf5 Ne7 14. Qd1 Nxf5
15. Nb3 Bb4 16. Bd2 O-O 17. Ne5 Ba4 18. Bxb4 Qxb4 19. Nd3 Qb6 20. Ndc5 Bxb3 21.
axb3 Rfe8 22. Rc1 Qc6 23. g4 Nh4 24. f3 b6 25. Nd3 Qd6 26. Ne5 Nd7 27. Nd3 Rxc1
28. Nxc1 Qf4 29. Rf1 Rf8 30. Kh1 Nxf3 31. Qe2 Qxg4 32. Nd3 h5 33. Nf2 Qg6 34.
b4 Nxd4 35. Qd2 Qf6 36. Kg2 Qf3+ 0-1

[Event "Preferente Aragonesa Grupo A"]
[Site "?"]
[Date "2017.02.04"]
[Round "2.39"]
[White "Alsina Franco, Sergio"]
[Black "Hidalgo Gracia, Andres"]
[Result "1/2-1/2"]
[WhiteElo "1875"]
[BlackElo "1797"]
[PlyCount "150"]
[EventDate "2017.01.28"]
[WhiteTeam "Fraga"]
[BlackTeam "Monzon"]

1. e4 c5 2. c3 e6 3. d4 cxd4 4. cxd4 Nf6 5. Nc3 d6 6. Nf3 Be7 7. Bb5+ Bd7 8.
Qe2 Bxb5 9. Qxb5+ Qd7 10. e5 dxe5 11. dxe5 Qxb5 12. Nxb5 Nd5 13. Bd2 Nc6 14.
Ke2 O-O 15. Rac1 Rac8 16. Nc3 Nb6 17. Ne4 Rfd8 18. Rhd1 Na4 19. Rc2 Rd5 20. b3
Nc5 21. Nc3 Rdd8 22. Be3 Rxd1 23. Nxd1 b6 24. Nb2 Nd7 25. Nd3 Bc5 26. Bxc5 Nxc5
27. Nxc5 bxc5 28. Ke3 Nb4 29. Rd2 Nd5+ 30. Ke2 c4 31. bxc4 Rxc4 32. g3 h6 33.
Rb2 Ra4 34. Rc2 Nb4 35. Rc8+ Kh7 36. Rc7 Rxa2+ 37. Kf1 Nd3 38. Rxf7 Rxf2+ 39.
Kg1 Re2 40. Rxa7 Nxe5 41. Nd4 Re1+ 42. Kg2 Ng6 43. Ra6 Nf8 44. Ra8 Kg8 45. Kf2
Re4 46. Nc6 Kf7 47. Kf3 Re1 48. Nd8+ Kf6 49. h4 Rc1 50. Ra6 Rc3+ 51. Kg4 h5+
52. Kxh5 Rxg3 53. Ra4 Kf5 54. Nf7 Nd7 55. Nd6+ Ke5 56. Nf7+ Kf6 57. Rf4+ Ke7
58. Ng5 Nf6+ 59. Kg6 Rg1 60. Ra4 Ne8 61. Ra7+ Kf8 62. Rf7+ Kg8 63. Re7 Kf8 64.
Rxe6 Rg2 65. Ra6 Rg1 66. Ra8 Rg2 67. Kh5 Rg1 68. Ra7 Re1 69. Kg6 Rg1 70. h5 Rg2
71. Rf7+ Kg8 72. Re7 Kf8 73. Re5 Nf6 74. Ra5 Rg1 75. h6 gxh6 1/2-1/2

[Event "Preferente Aragonesa Grupo A"]
[Site "?"]
[Date "2017.02.04"]
[Round "2.40"]
[White "Arrieta Restrepo, Steven"]
[Black "Chesa Chavarria, Aurelio"]
[Result "1-0"]
[WhiteElo "1601"]
[BlackElo "1770"]
[PlyCount "85"]
[EventDate "2017.01.28"]
[WhiteTeam "Monzon"]
[BlackTeam "Fraga"]

1. e4 c5 2. Nf3 d6 3. d4 cxd4 4. Nxd4 Nf6 5. Nc3 g6 6. Be3 Bg7 7. Be2 O-O 8.
O-O Nc6 9. Rb1 a6 10. Bf3 Ne5 11. h3 Bd7 12. Be2 Rc8 13. f4 Nc4 14. Bxc4 Rxc4
15. Qd3 Rc8 16. Rfe1 b5 17. a3 Bc6 18. Rbd1 Bb7 19. Bf2 Nd7 20. Nb3 Qc7 21. Bd4
Nc5 22. Nxc5 dxc5 23. Bxg7 Kxg7 24. Qd7 Bc6 25. Qxc7 Rxc7 26. e5 e6 27. Rd6 b4
28. Ne4 bxa3 29. bxa3 Ra8 30. g3 Bd5 31. Nf6 Bc6 32. Rb1 Rac8 33. Rb6 Bb5 34.
Ne4 Kf8 35. Nc3 Bc4 36. a4 Ke7 37. a5 Rd8 38. Rdc6 Rdc8 39. Rxc7+ Rxc7 40. Ne4
f5 41. exf6+ Kf8 42. Rb8+ Kf7 43. Nd6+ 1-0

[Event "Preferente Aragonesa Grupo A"]
[Site "?"]
[Date "2017.02.04"]
[Round "2.41"]
[White "Gracia Campo, Carlos Alberto"]
[Black "Garcia Vicente, Nieves"]
[Result "1/2-1/2"]
[WhiteElo "2082"]
[BlackElo "2172"]
[PlyCount "45"]
[EventDate "2017.01.28"]
[WhiteTeam "El Olivar B"]
[BlackTeam "SMA Barbastro"]

1. e4 c5 2. Nf3 Nc6 3. d4 cxd4 4. Nxd4 e5 5. Nxc6 bxc6 6. Bc4 Nf6 7. Qe2 Be7 8.
O-O O-O 9. Nc3 d5 10. exd5 cxd5 11. Rd1 Bg4 12. f3 Qb6+ 13. Be3 Bc5 14. Bxd5
Bxe3+ 15. Kh1 Nxd5 16. Nxd5 Qxb2 17. Qxe3 Be6 18. Nc7 Rac8 19. Qxa7 Bc4 20. Qc5
Bxa2 21. Qa5 Bc4 22. Qc5 Ba2 23. Qa5 1/2-1/2

[Event "Preferente Aragonesa Grupo A"]
[Site "?"]
[Date "2017.02.04"]
[Round "2.42"]
[White "Guetas Sanchez, Hugo"]
[Black "Veras Sanz, Marino"]
[Result "0-1"]
[WhiteElo "2131"]
[BlackElo "2044"]
[PlyCount "66"]
[EventDate "2017.01.28"]
[WhiteTeam "SMA Barbastro"]
[BlackTeam "El Olivar B"]

1. e4 c5 2. b3 Nc6 3. Bb2 d6 4. Nf3 Nf6 5. Nc3 Bg4 6. h3 Bxf3 7. Qxf3 Nd4 8.
Qd1 g6 9. Nb5 Nc6 10. g4 a6 11. g5 axb5 12. gxf6 e5 13. Qf3 b4 14. Rg1 Bh6 15.
Rg4 Bf4 16. h4 h5 17. Rxf4 exf4 18. Qxf4 Qd7 19. Bb5 O-O-O 20. O-O-O Qg4 21.
Qe3 Rhe8 22. f3 Qxh4 23. d4 d5 24. e5 Qxf6 25. Qd3 Qf4+ 26. Kb1 Nxd4 27. Bxe8
Rxe8 28. Bxd4 Qxd4 29. Qe2 Qxe5 30. Qb5 d4 31. f4 Qe7 32. Qc4 Kb8 33. Rf1 Qe2
0-1

[Event "Preferente Aragonesa Grupo A"]
[Site "?"]
[Date "2017.02.04"]
[Round "2.43"]
[White "Galve Guinea, Alejandro"]
[Black "Escuer Sanchez, Nestor"]
[Result "1/2-1/2"]
[WhiteElo "2029"]
[BlackElo "2071"]
[PlyCount "46"]
[EventDate "2017.01.28"]
[WhiteTeam "El Olivar B"]
[BlackTeam "SMA Barbastro"]

1. Nf3 g6 2. d4 d5 3. c4 c6 4. Nc3 Nf6 5. cxd5 cxd5 6. g3 Bg7 7. Bg2 O-O 8. Ne5
Nc6 9. O-O e6 10. f4 Ne7 11. b3 Nf5 12. Qd3 h5 13. e3 Re8 14. Bb2 b6 15. Rfc1
a6 16. Rc2 Bb7 17. Rac1 Rc8 18. Ba3 Bf8 19. Bxf8 Rxf8 20. Na4 Rxc2 21. Rxc2 Qd6
22. Kf2 Kg7 23. Nc3 Rc8 1/2-1/2

[Event "Preferente Aragonesa Grupo A"]
[Site "?"]
[Date "2017.02.04"]
[Round "2.44"]
[White "Avellanas Pau, Miguel Angel"]
[Black "Bailo Remacha, Santiago"]
[Result "0-1"]
[WhiteElo "1861"]
[BlackElo "1957"]
[PlyCount "48"]
[EventDate "2017.01.28"]
[WhiteTeam "SMA Barbastro"]
[BlackTeam "El Olivar B"]

1. e4 c5 2. Nf3 d6 3. d4 cxd4 4. Nxd4 Nf6 5. Nc3 a6 6. f3 Nc6 7. Be3 g6 8. g4
h5 9. Be2 e5 10. Nxc6 bxc6 11. g5 Nd7 12. Qd2 Nb6 13. O-O-O Be6 14. f4 Nc4 15.
Bxc4 Bxc4 16. b3 Be6 17. Na4 Rb8 18. Rhf1 Bg4 19. Rde1 d5 20. fxe5 Bb4 21. Qf2
O-O 22. c3 Ba3+ 23. Kc2 dxe4 24. h4 Qd3# 0-1

[Event "Preferente Aragonesa Grupo A"]
[Site "?"]
[Date "2017.02.04"]
[Round "2.45"]
[White "Soler Lopez, Hugo"]
[Black "Lacruz Algarate, Alvaro"]
[Result "0-1"]
[WhiteElo "2086"]
[BlackElo "2121"]
[PlyCount "76"]
[EventDate "2017.01.28"]
[WhiteTeam "Agrupacion C"]
[BlackTeam "Monsalud"]

1. e4 c5 2. a3 e6 3. b4 cxb4 4. axb4 Bxb4 5. Bb2 Nf6 6. e5 Nd5 7. c4 Nb6 8. Ra3
Qc7 9. Rg3 Nxc4 10. Qc2 b5 11. Rxg7 Qc6 12. Bd3 Nxb2 13. Qxb2 Bf8 14. Rg4 h5
15. Rg3 b4 16. Nf3 Ba6 17. Bxa6 Qxa6 18. d3 h4 19. Rg4 Qxd3 20. Rd4 Qb5 21.
Nbd2 Nc6 22. Rc4 O-O-O 23. O-O Kb7 24. Rfc1 Rh5 25. Ne4 Nxe5 26. Rc7+ Kb8 27.
Nd4 Qb6 28. Qc2 Nc6 29. Nxc6+ dxc6 30. Rxc6 Qb7 31. Rc7 Qb6 32. Rc8+ Kb7 33.
Rxd8 Qxd8 34. Qc6+ Kb8 35. g4 Rd5 36. Kg2 Qd7 37. Qc2 Be7 38. Qe2 f5 0-1

[Event "Preferente Aragonesa Grupo A"]
[Site "?"]
[Date "2017.02.04"]
[Round "2.46"]
[White "Soriano Gracia, Manuel"]
[Black "Manguez Tomas, Andres"]
[Result "1/2-1/2"]
[WhiteElo "1984"]
[BlackElo "2007"]
[PlyCount "79"]
[EventDate "2017.01.28"]
[WhiteTeam "Monsalud"]
[BlackTeam "Agrupacion C"]

1. e4 e5 2. Nf3 Nc6 3. Bc4 Be7 4. d4 d6 5. dxe5 dxe5 6. Qxd8+ Bxd8 7. c3 Nf6 8.
Nbd2 O-O 9. O-O h6 10. Bb3 Re8 11. Re1 Na5 12. Ba4 Bd7 13. Bxd7 Nxd7 14. b3 c5
15. Rd1 Nf6 16. c4 Nc6 17. Bb2 Bc7 18. Ne1 Rad8 19. f3 Ba5 20. Nf1 Bxe1 21.
Rxe1 Rd3 22. Ne3 Rd6 23. Rad1 Red8 24. Nd5 Nh7 25. Rd2 Nf8 26. Red1 Kh8 27. Bc3
Ne6 28. Kf2 Ned4 29. Ke3 Rf8 30. Re1 g6 31. f4 f6 32. g3 Kg7 33. Rf2 Rd7 34.
Ref1 Rdf7 35. g4 g5 36. fxe5 fxe5 37. h3 Nc2+ 38. Ke2 N2d4+ 39. Bxd4 Nxd4+ 40.
Ke3 1/2-1/2

[Event "Preferente Aragonesa Grupo A"]
[Site "?"]
[Date "2017.02.04"]
[Round "2.47"]
[White "Moreno Martin-Viveros, Alvaro"]
[Black "Miranda Garcia, Eduardo"]
[Result "1-0"]
[WhiteElo "1881"]
[BlackElo "1844"]
[PlyCount "85"]
[EventDate "2017.01.28"]
[WhiteTeam "Agrupacion C"]
[BlackTeam "Monsalud"]

1. e4 d6 2. d4 Nf6 3. Nc3 g6 4. Bg5 Bg7 5. Qd2 O-O 6. f3 Nbd7 7. Bc4 e5 8. Nge2
c6 9. a4 Qb6 10. Be3 Qc7 11. O-O Nb6 12. Bb3 Rd8 13. Rfd1 d5 14. dxe5 Qxe5 15.
a5 Nbd7 16. Bf4 Qe7 17. exd5 Nc5 18. d6 Nxb3 19. dxe7 Rxd2 20. cxb3 Rxd1+ 21.
Rxd1 Bd7 22. Bg5 Re8 23. Bxf6 Bxf6 24. Rxd7 Rxe7 25. Ne4 Kg7 26. Rxe7 Bxe7 27.
a6 bxa6 28. Nd4 f5 29. Nxc6 fxe4 30. Nxe7 exf3 31. gxf3 Kf6 32. Nc6 Ke6 33. Nb4
Kd6 34. Nxa6 Kc6 35. Nb4+ Kc5 36. Nc2 Kd5 37. Kf2 h6 38. Ke3 Ke5 39. Nd4 a6 40.
Nc6+ Kd6 41. Nb4 a5 42. Nc2 Ke5 43. Na3 1-0

[Event "Preferente Aragonesa Grupo A"]
[Site "?"]
[Date "2017.02.04"]
[Round "2.48"]
[White "Miranda Herrera, Miguel"]
[Black "Carruez Gracia, Eduardo"]
[Result "0-1"]
[WhiteElo "1496"]
[BlackElo "1850"]
[PlyCount "82"]
[EventDate "2017.01.28"]
[WhiteTeam "Monsalud"]
[BlackTeam "Agrupacion C"]

1. d3 d5 2. Nf3 Nf6 3. d4 g6 4. g3 Bg7 5. Bg2 O-O 6. O-O c5 7. c3 Nc6 8. Bf4
Qb6 9. Qb3 c4 10. Qc2 Bf5 11. Qc1 Qd8 12. Ne5 Nd7 13. Nxc6 bxc6 14. Nd2 e5 15.
dxe5 Nxe5 16. Rd1 Qe7 17. Nf3 Nxf3+ 18. Bxf3 Be4 19. Qe3 Rfe8 20. Bg2 Bf5 21.
Kf1 Qxe3 22. Bxe3 Reb8 23. Rxd5 cxd5 24. Bxd5 Be6 25. Bxa8 Rxa8 26. Bd4 Bxd4
27. cxd4 Rb8 28. b3 cxb3 29. axb3 Rb7 30. b4 Bc4 31. Ke1 a6 32. Kd2 Kf8 33. e4
Ke7 34. Kc3 Bb5 35. Re1 Ba4 36. Ra1 Rc7+ 37. Kd3 Bb5+ 38. Ke3 Rc3+ 39. Kf4 Rc4
40. Rd1 Rxb4 41. Ke5 Be2 0-1

[Event "Preferente Aragonesa Grupo A"]
[Site "?"]
[Date "2017.02.04"]
[Round "2.50"]
[White "Pellicer Cemeli, Jose Luis"]
[Black "Querol Soro, Sergio"]
[Result "0-1"]
[WhiteElo "1967"]
[BlackElo "1959"]
[PlyCount "82"]
[EventDate "2017.01.28"]
[WhiteTeam "L'Aurora Estadilla B"]
[BlackTeam "Las Fuentes"]

1. e4 g6 2. Nc3 Bg7 3. f4 d6 4. Bc4 a6 5. a4 Nc6 6. Nf3 Nd4 7. O-O Be6 8. Bxe6
Nxe6 9. d4 c5 10. d5 Nd4 11. e5 Qc7 12. Ng5 Nh6 13. exd6 Qxd6 14. Nce4 Qb6 15.
a5 Qc7 16. c3 Ndf5 17. Qa4+ Kf8 18. Qc4 Rc8 19. h3 Nd6 20. Nxd6 exd6 21. g4 Qd7
22. Bd2 Nxg4 23. hxg4 Qxg4+ 24. Kh2 Bf6 25. Nh3 Re8 26. Rf2 Kg7 27. Rg1 Qf5 28.
Ng5 Re7 29. Kg2 Rhe8 30. Rh1 Qg4+ 31. Kf1 Bxg5 32. Qd3 Bf6 33. Rfh2 Qd1+ 34.
Kg2 Re2+ 35. Kg3 R8e3+ 36. Qxe3 Rxe3+ 37. Bxe3 Qxd5 38. Rxh7+ Kg8 39. R7h2 Qd3
40. Kf3 Qb5 41. Rd2 Qc6+ 0-1